CLINICAL SURGERY (Record no. 3170)

MARC details
000 -LEADER
fixed length control field 00332nam a2200145Ia 4500
008 - FIXED-LENGTH DATA ELEMENTS--GENERAL INFORMATION
fixed length control field 150201s2004 xx 000 0 und d
082 ## - DEWEY DECIMAL CLASSIFICATION NUMBER
Classification number 617.5
Item number C2004D
100 ## - MAIN ENTRY--PERSONAL NAME
Personal name S.DAS
245 ## - TITLE STATEMENT
Title CLINICAL SURGERY
250 ## - EDITION STATEMENT
Edition statement 6TH
260 ## - PUBLICATION, DISTRIBUTION, ETC. (IMPRINT)
Name of publisher, distributor, etc. S.DAS PUBLICATION
Place of publication, distribution, etc. DELHI
Date of publication, distribution, etc. 2004
300 ## - PHYSICAL DESCRIPTION
Extent 1-478
650 ## - SUBJECT ADDED ENTRY--TOPICAL TERM
Topical term or geographic name as entry element SURGERY
942 ## - ADDED ENTRY ELEMENTS (KOHA)
Source of classification or shelving scheme Dewey Decimal Classification
Koha item type Books
Koha issues (borrowed), all copies 12
Holdings
Withdrawn status Lost status Source of classification or shelving scheme Damaged status Not for loan Home library Current library Date acquired Source of acquisition Cost, normal purchase price Serial Enumeration / chronology SGTU Bill Number Total Checkouts Full call number Barcode Date last seen Date last checked out Bill Date Koha item type
    Dewey Decimal Classification     SGT Dental Library SGT Dental Library 10/03/2005 U.B.S.DELHI 490.00 1 SGTU 1305 24 617.5 C2004D FD3106 02/05/2022 02/05/2022 12/04/2012 Books
    Dewey Decimal Classification     SGT Dental Library SGT Dental Library 10/03/2005 U.B.S.DELHI 490.00 1 SGTU 1305 17 617.5 C2004D FD3107 25/12/2025 15/12/2025 12/04/2012 Books
    Dewey Decimal Classification     SGT Dental Library SGT Dental Library 10/03/2005 U.B.S.DELHI 490.00 1 SGTU 1305 20 617.5 C2004D FD3108 06/05/2025 05/05/2025 12/04/2012 Books
    Dewey Decimal Classification     SGT Dental Library SGT Dental Library 10/03/2005 U.B.S.DELHI 490.00 1 SGTU 1305 22 617.5 C2004D FD3109 30/03/2024 22/03/2024 12/04/2012 Books
    Dewey Decimal Classification     SGT Dental Library SGT Dental Library 10/03/2005 U.B.S.DELHI 490.00 1 SGTU 1305 20 617.5 C2004D FD3110 03/05/2022 03/05/2022 12/04/2012 Books